Pin pon 1 : actividades integradas para primer grado /
Guardado en:
| Autor Principal: | |
|---|---|
| Otros Autores: | , , |
| Formato: | Libro |
| Publicado: |
Buenos Aires :
Kapelusz,
1991.
|
| Materias: | |
| Etiquetas: |
Agregar Etiqueta
Sin Etiquetas, Sea el primero en etiquetar este registro!
|
| LEADER | 00901nam a22002655a 4500 | ||
|---|---|---|---|
| 001 | CEM.cems012499 | ||
| 005 | 20070419193938.0 | ||
| 008 | 130507s1991##################000#0#####d | ||
| 003 | CEMS | ||
| 020 | |a 9501300943 | ||
| 082 | 0 | 4 | |a 372.24 |
| 100 | 1 | |a D'elía, Elsa Blanca | |
| 245 | 1 | 0 | |a Pin pon 1 : |b actividades integradas para primer grado / |c Elsa Blanca D'elía ; gabriela Heredia ; mabel Alicia Orlando ; azucena Giménez. |
| 260 | |a Buenos Aires : |b Kapelusz, |c 1991. | ||
| 300 | |a 176 p. | ||
| 500 | |a Actividades integradas para 1º año Egb. | ||
| 653 | |a Bibliioteca maría de los Ángeles saggio | ||
| 653 | |a Educación | ||
| 653 | |a Educación primaria | ||
| 653 | |a Lengua-1º egb | ||
| 653 | |a Lectoescritura. | ||
| 700 | 1 | |a Heredia, Gabriela | |
| 700 | 1 | |a Orlando, Mabel Alicia | |
| 700 | 1 | |a Giménez, Azucena | |
| 859 | |a CEMS |b BIB. CEMS - 11 de abril |h 372.24 |i D379 |p 23808.07 |t Ej.1 |v 1º |3 1º | ||
